| 000 | 00444nam a22001817a 4500 | ||
|---|---|---|---|
| 999 |
_c4561 _d4561 |
||
| 003 | OSt | ||
| 005 | 20191207233445.0 | ||
| 008 | 191207b ||||| |||| 00| 0 eng d | ||
| 020 | _a0425123618 | ||
| 040 | _c0 | ||
| 050 | _a0 | ||
| 082 |
_222 _a413.1 |
||
| 100 | _bLewis Norman, | ||
| 245 | _aThe new roget's thesaurus in dictionary from / | ||
| 260 |
_aNew York, _bBerkley Book, _cc1978. |
||
| 300 |
_axiv, 496 p.; _bill. ; |
||
| 942 |
_2ddc _cDIC |
||